书目信息 |
| 题名: |
学习指导与生活指导
|
|
| 作者: | 山根薰 编 ;何宗传 , 曲日莲 译 | |
| 分册: | ||
| 出版信息: | 北京 中国农业机械出版社 1982 |
|
| 页数: | 176页 | |
| 开本: | 19cm | |
| 丛书名: | ||
| 单 册: | ||
| 中图分类: | G424.6 | |
| 科图分类: | ||
| 主题词: | 辅导(教学) | |
| 电子资源: | ||
| ISBN: | ||
| 000 | 00719nam0 2200253 45 | |
| 001 | 0182003763 | |
| 005 | 20060927104345.95 | |
| 010 | @dCNY0.55 | |
| 091 | @a7216.37 | |
| 100 | @a19950705d1982 em y0chiy0121 ea | |
| 101 | 1 | @achi@cjpn |
| 102 | @aCN@b110000 | |
| 105 | @ay z 000yy | |
| 200 | 10 | @a学习指导与生活指导@Axue xi zhi dao yu sheng huo zhi dao@f(日)山根薰编@g何宗传,曲日莲译 |
| 210 | @a北京@c中国农业机械出版社@d1982 | |
| 215 | @a176页@d19cm | |
| 606 | @a辅导(教学) | |
| 690 | @aG424.6@v3 | |
| 701 | 0 | @a山根薰@Ashan gen xun@4编 |
| 702 | 0 | @a何宗传@Ahe zong chuan@4译 |
| 702 | 0 | @a曲日莲@Aqu ri lian@4译 |
| 801 | 0 | @aCN@bTSSF@c20060927 |
| 801 | 2 | @aCN@bNLC@c20060805 |
| 905 | @a10447@dG424.6@e114 | |
| 学习指导与生活指导/(日)山根薰编/何宗传,曲日莲译.-北京:中国农业机械出版社,1982 |
| 176页;19cm |
| ISBN :CNY0.55 |
| ● |
| 相关链接 |
|
|
|
|
正题名:学习指导与生活指导
索取号:G424.6/114
 
预约/预借
| 序号 | 登录号 | 条形码 | 馆藏地/架位号 | 状态 | 备注 |
| 1 | 0422516 | 204225169 | 密集书库/ [索取号:G424.6/114] | 在馆 | |
| 2 | 0424180 | 204241800 | 密集书库/ [索取号:G424.6/114] | 在馆 | |
| 3 | 0446751 | 204467512 | 密集书库/ [索取号:G424.6/114] | 在馆 | |
| 4 | 0446779 | 204467790 | 密集书库/ [索取号:G424.6/114] | 在馆 |